[Event "TCh-SRB 1st League"]
[Site "Vrnjacka Banja SRB"]
[Date "2010.08.25"]
[Round "5"]
[White "Skoko,Mil"]
[Black "Bozic,Mila"]
[Result "0-1"]
[WhiteElo "2209"]
[BlackElo "2456"]

1.e4 d6 2.d4 c6 3.Nc3 Nf6 4.f4 Qa5 5.Bd3 e5 6.Nf3 Bg4 7.Be3 Nbd7 8.Qd2 Bxf3
9.gxf3 Nh5 10.Ne2 Qc7 11.O-O b5 12.fxe5 dxe5 13.f4 exd4 14.Nxd4 Bc5 15.e5 O-O
16.Qf2 g5 17.Nf5 Bxe3 18.Qxe3 Kh8 19.fxg5  0-1

[Event "TCh-SRB 1st League"]
[Site "Vrnjacka Banja SRB"]
[Date "2010.08.25"]
[Round "5"]
[White "Todorovic,GM"]
[Black "Kovacevic,Draga"]
[Result "1-0"]
[WhiteElo "2458"]
[BlackElo "2282"]

1.e4 d6 2.d4 Nf6 3.Nc3 c6 4.Nf3 Qa5 5.Bd2 Nbd7 6.Bc4 Qh5 7.h3 Nb6 8.Be2 g5
9.Bxg5 Qg6 10.Bd3 e5 11.Qe2 Nfd7 12.O-O-O Bg7 13.h4 Qe6 14.d5 Qg4 15.h5 Bf6
16.Bxf6 Nxf6 17.dxc6 bxc6 18.Rh4 Qg7 19.Kb1 Bg4 20.Ba6 Ke7 21.h6 Qg6 22.Rhh1 Rab8
23.Qe3 Qg8 24.Nxe5 Bxd1 25.Nxc6+ Ke6 26.Rxd1 Qxg2 27.Qf4 Rbd8 28.Qf5+  1-0

[Event "ch-RUS Higher League w"]
[Site "St Petersburg RUS"]
[Date "2010.08.26"]
[Round "1"]
[White "Bodnaruk,A"]
[Black "Kharashuta,E"]
[Result "1/2-1/2"]
[WhiteElo "2397"]
[BlackElo "2298"]

1.e4 d6 2.d4 Nf6 3.Nc3 e5 4.Nf3 Nbd7 5.Bc4 Be7 6.O-O O-O 7.Re1 c6 8.a4 b6
9.b3 Bb7 10.Bb2 a6 11.Bd3 g6 12.Qd2 Re8 13.Rad1 Bf8 14.Qc1 b5 15.axb5 cxb5
16.d5 Rc8 17.Qd2 Nc5 18.b4 Ncd7 19.Nb1 Nb6 20.Na3 Ng4 21.h3 Bh6 22.Qe2 Nf6
23.c4 bxc4 24.Nxc4 Nxc4 25.Bxc4 Qb6 26.b5 axb5 27.Bxb5 Re7 28.Nd4 Rc5 29.Nc6 Bxc6
30.Bxc6 Nxe4 31.Qxe4 Qxb2 32.Qh4 Bf8 33.Rb1 Qd2 34.Qf6 Ra7 35.Rf1 Qf4 36.Qd8 Kg7
37.Rb8 Be7 38.Qc8 Rc2 39.Qg4 Rxf2 40.Qxf4 Rxf4 41.Rxf4 exf4 42.Kf2 Ra3 43.Rb7 Bh4+
44.Ke2 Re3+ 45.Kd1 h5 46.Bb5 Rb3 47.Bc6 Re3 48.Bb5 Be7 49.Be2 f5 50.Bf3 Kf6
51.Rb8 Kg5 52.Rg8 Bf6 53.Kd2 Re7 54.Rf8 Be5 55.Rg8 Rf7 56.Be2 Bg7 57.Re8 Bf6
58.Re6 Be5 59.Bb5 Rf6 60.Rxf6 Bxf6 61.Be8 Be5 62.Ke2 Kf6 63.Kf3 h4 64.Ke2 g5
65.Kf3 Bc3 66.Bd7 Ke5 67.Be6 Be1 68.Bf7 Bg3 69.Be6 Kd4 70.Bf7 Bh2 71.Be6 Kc4
72.Bf7 Kd3 73.Be6 Kd4 74.Bf7 Bg3 75.Be6 Kc5 76.Bf7 Kc4 77.Be6 Kd4 78.Bf7 g4+
79.hxg4 fxg4+ 80.Kxg4 Ke3 81.Be6 Ke2 82.Kh3 Kf2  1/2-1/2

[Event "TCh-SRB 1st League"]
[Site "Vrnjacka Banja SRB"]
[Date "2010.08.26"]
[Round "6"]
[White "Kosanovic,G"]
[Black "Nadj Hedjesi,B"]
[Result "1/2-1/2"]
[WhiteElo "2375"]
[BlackElo "2426"]

1.e4 d6 2.d4 Nf6 3.Nc3 e5 4.Nf3 Nbd7 5.Bc4 Be7 6.O-O O-O 7.Re1 c6 8.a4 b6
9.d5 cxd5 10.Nxd5 Bb7 11.b3 Rc8 12.Re2 Kh8 13.Ba3 Bxd5 14.Bxd5 Nxd5 15.Qxd5 Nf6  1/2-1/2

[Event "Open"]
[Site "Baku AZE"]
[Date "2010.08.27"]
[Round "5"]
[White "Hakimifard,G"]
[Black "Toufighi,H"]
[Result "0-1"]
[WhiteElo "2173"]
[BlackElo "2501"]

1.e4 d6 2.d4 Nf6 3.Nc3 Nbd7 4.Nf3 e5 5.Bc4 Be7 6.O-O O-O 7.Re1 c6 8.a4 Qc7
9.h3 Rb8 10.b3 b6 11.d5 cxd5 12.Nxd5 Nxd5 13.Bxd5 Nf6 14.c4 Nxd5 15.cxd5 f5
16.Ba3 fxe4 17.Nd2 b5 18.Nxe4 b4 19.Bb2 Qa5 20.Qd2 Bb7 21.Rad1 Rbc8 22.Ba3 Qxd5
23.Qxb4 Qc6 24.Rc1 Qd5 25.Rcd1 Qc6 26.Rc1 a5 27.Qxa5 Qd7 28.Rxc8 Rxc8 29.Qd2 Qc6
30.f3 Rd8 31.Kh2 h6 32.Rd1 Bf8 33.Qc3 Qb6 34.Qb4 Qa6 35.Qc4+ Qxc4 36.bxc4 Bxe4
37.fxe4 Rc8 38.Bxd6 Bxd6 39.Rxd6 Rxc4 40.Ra6 Rxe4 41.Ra7 Kh7 42.Kg3 Kg6 43.Kf3 Rb4
44.a5 Rb3+ 45.Ke4 Rg3 46.Kxe5 Rxg2 47.Kf4 Kh5 48.Kf3 Rg6 49.Rb7 Kh4 50.Rb1 Rg3+
51.Kf2 Ra3 52.Rb7 g5 53.Rb6 h5 54.Kg2 Ra2+ 55.Kf3 Kxh3 56.a6 g4+ 57.Kf4 g3
58.Rg6  0-1

[Event "27th Open A"]
[Site "Collado Villalba ESP"]
[Date "2010.08.27"]
[Round "8"]
[White "Starostits,I"]
[Black "Moreno Ruiz,J"]
[Result "1/2-1/2"]
[WhiteElo "2486"]
[BlackElo "2494"]

1.e4 d6 2.d4 Nf6 3.Nc3 e5 4.Nf3 Nbd7 5.Bc4 Be7 6.O-O O-O 7.h3 c6 8.a4 Nxe4
9.Nxe4 d5 10.Nxe5 dxe4 11.a5 Nxe5 12.dxe5 Bf5 13.Qe2 Bc5 14.c3 a6 15.Bf4 Qe7
16.Rad1 Rad8 17.b4 Ba7 18.Qh5 Rxd1 19.Rxd1 Be6 20.Be2 f5 21.Rd6 Bb8 22.Rd2 c5
23.b5 axb5 24.Bxb5 c4 25.Qe2 Rc8 26.Qe3 h6 27.h4 Kh7 28.h5 Rd8 29.Rxd8 Qxd8
30.Qd4 Qxd4 31.cxd4 c3 32.g4 Ba7 33.gxf5 Bxf5 34.Be3 c2 35.Ba4 Bxd4 36.Bxc2 Bxe5
37.f3 g6 38.fxe4 Bd7 39.hxg6+ Kxg6 40.Bd3 Bc6 41.Kf2 h5 42.Kf3 Kf6 43.Bb6  1/2-1/2

[Event "1st Fermo Festival"]
[Site "Porto San Giorgio ITA"]
[Date "2010.08.27"]
[Round "7"]
[White "Olabe Odriozola,E"]
[Black "Suppa,E"]
[Result "0-1"]
[WhiteElo "1912"]
[BlackElo "2121"]

1.e4 d6 2.d4 Nf6 3.Nc3 Nbd7 4.f4 c6 5.e5 Nd5 6.Nxd5 cxd5 7.exd6 e6 8.Bd3 Bxd6
9.Ne2 Nf6 10.Ng3 Bd7 11.O-O g6 12.c3 Qb6 13.Qf3 Bb5 14.Re1 Bxd3 15.Qxd3 O-O-O
16.b4 Qc7 17.Qf3 Kb8 18.Bd2 Rc8 19.a4 h5 20.Rec1 Qd7 21.b5 Rc4 22.Rcb1 Rhc8
23.a5 h4 24.Ne2 Ne4 25.Be1 Rh8 26.Rb3 f5 27.Nc1 g5 28.fxg5 Qg7 29.Nd3 Nxg5
30.Qe3 Ne4 31.Ra2 h3 32.g3 Rcc8 33.Kh1 Rcf8 34.Rc2 Qg4 35.Rbb2 f4 36.gxf4 Bxf4
37.Nxf4 Rxf4 38.Bg3 Qd1+ 39.Qg1 Nxg3+  0-1

[Event "17th WGM"]
[Site "Graz AUT"]
[Date "2010.08.28"]
[Round "1"]
[White "Novkovic,J"]
[Black "Moser,E"]
[Result "0-1"]
[WhiteElo "2157"]
[BlackElo "2440"]

1.e4 d6 2.d4 Nf6 3.Nc3 Nbd7 4.g4 g6 5.h3 Bg7 6.g5 Nh5 7.Be2 c5 8.d5 Rb8 9.Bxh5 gxh5
10.Qxh5 b5 11.Nge2 Nb6 12.Nf4 Nc4 13.Ne6 Bxc3+ 14.bxc3 Qa5 15.Bd2 Nxd2 16.Kxd2 b4
17.Ng7+ Kd8 18.Qxf7 bxc3+ 19.Ke2 Qa4 20.Kf3 Qxc2 21.Rhd1 Rb2 22.Kg3 Qxe4
23.Re1 Re2 24.Rxe2 Qxe2 25.f4  0-1

[Event "BDO Premier"]
[Site "Haarlem NED"]
[Date "2010.08.28"]
[Round "8"]
[White "Van Kampen,R"]
[Black "Reinderman,D"]
[Result "1/2-1/2"]
[WhiteElo "2422"]
[BlackElo "2587"]

1.e4 d6 2.d4 Nf6 3.Nc3 e5 4.Nf3 Nbd7 5.Bc4 Be7 6.O-O O-O 7.Re1 c6 8.a4 a5
9.h3 Nb6 10.Bf1 exd4 11.Nxd4 d5 12.e5 Ne8 13.Nce2 g6 14.Bh6 Ng7 15.Nf4 Re8
16.e6 Bf6 17.exf7+ Kxf7 18.Qf3 Kg8 19.Rxe8+ Qxe8 20.Nfe6 Qf7 21.Ng5 Bxg5
22.Bxg5 Ne6 23.Be3 Nxd4 24.Qxf7+ Kxf7 25.Bxd4 Nd7 26.Re1 b6 27.Be2 Nc5 28.b3 Bf5
29.Bd1 Nd7 30.g4  1/2-1/2

[Event "6th Geller Memorial Open A"]
[Site "Odessa UKR"]
[Date "2010.08.28"]
[Round "8"]
[White "Fingerov,D"]
[Black "Garifulin,A"]
[Result "1/2-1/2"]
[WhiteElo "2405"]
[BlackElo "2277"]

1.e4 d6 2.d4 Nf6 3.Nc3 c6 4.Nf3 g6 5.Bd3 Bg7 6.Qe2 Bg4 7.O-O e5 8.dxe5 dxe5
9.h3 Bxf3 10.Qxf3 Nbd7 11.b4 O-O 12.Be3 Qe7 13.Rfb1 Rfd8 14.Na4 Nf8 15.Bc5 Qc7
16.b5 N6d7 17.bxc6 Qxc6 18.Bb5 Qc7 19.Be7 Rdc8 20.Rb3 Nb6 21.Bg5 Nxa4 22.Bxa4 Ne6
23.Be3 Nd4 24.Bxd4 exd4 25.Rab1 b6  1/2-1/2

[Event "25th Open"]
[Site "Schwarzach AUT"]
[Date "2010.08.28"]
[Round "8"]
[White "Kleiser,G"]
[Black "Eisenbeiser,A"]
[Result "0-1"]
[WhiteElo "2258"]
[BlackElo "2397"]

1.d4 d6 2.e4 Nf6 3.Nc3 e5 4.dxe5 dxe5 5.Qxd8+ Kxd8 6.Bg5 Bd6 7.Nd5 Nd7 8.O-O-O Ke8
9.f3 Nxd5 10.Rxd5 Bc5 11.Rd1 f6 12.Bh4 Nb6 13.b3 Be6 14.a4 Ke7 15.Bd3 Nd7
16.Kb2 c6 17.Ne2 Be3 18.Rhf1 Nc5 19.Bf2 Bxf2 20.Rxf2 Rad8 21.Nc1 Rd7 22.Rfd2 Rhd8
23.Kc3 a5 24.Be2 Rxd2 25.Rxd2 Rh8 26.Nd3 Nxd3 27.Bxd3 Rd8 28.Rd1 Rd4 29.Rg1 Kd6
30.g4 Kc5 31.h4 b5 32.axb5 cxb5 33.g5 a4 34.bxa4 bxa4 35.Rb1 a3 36.Rb5+ Kc6
37.Ra5 a2 38.f4 Kb6 39.Rb5+ Ka6  0-1

[Event "TCh-ESP CECLUB Honor"]
[Site "Sestao ESP"]
[Date "2010.08.28"]
[Round "6"]
[White "Fernandez Romero,Ern"]
[Black "Cifuentes Parada,R"]
[Result "1/2-1/2"]
[WhiteElo "2450"]
[BlackElo "2507"]

1.e4 d6 2.d4 Nf6 3.Nc3 e5 4.dxe5 dxe5 5.Qxd8+ Kxd8 6.Bc4 Be6 7.Bxe6 fxe6
8.f3 a6 9.Be3 Bb4 10.O-O-O+ Ke7 11.Nb1 Nbd7 12.Nh3 b5 13.Nf2 Bc5 14.Bxc5+ Nxc5
15.Nd2 h5 16.Nb3 Nxb3+ 17.axb3 a5 18.Nd3 Nd7  1/2-1/2

[Event "ch-RUS Higher League w"]
[Site "St Petersburg RUS"]
[Date "2010.08.28"]
[Round "3"]
[White "Bodnaruk,A"]
[Black "Fominykh,M"]
[Result "1/2-1/2"]
[WhiteElo "2397"]
[BlackElo "2313"]

1.e4 d6 2.d4 Nf6 3.Nc3 e5 4.Nge2 Be7 5.f3 c6 6.Be3 b5 7.Qd2 O-O 8.O-O-O Nbd7
9.g4 Qa5 10.Ng3 Nb6 11.g5 b4 12.Nb1 Ne8 13.a3 c5 14.d5 Nc7 15.c4 bxc3 16.Qxc3 Qxc3+
17.Nxc3 f6 18.gxf6 Rxf6 19.Bg5 Rf7 20.Bxe7 Rxe7 21.h4 Rf7 22.Be2 Bd7 23.b3 a5
24.a4 c4 25.bxc4 Rc8 26.Kd2 Na6 27.Nb5 Rf6 28.Rc1 Nc5 29.Ke3 Ncxa4 30.Nh5 Rh6
31.Ng3 Rf6 32.Nh5 Rh6 33.Ng3 Rf6 34.Nh5 Rh6 35.Ng3 Nc5  1/2-1/2

[Event "TCh-SUI 2010"]
[Site "Switzerland SUI"]
[Date "2010.08.28"]
[Round "6.6"]
[White "Rindlisbacher,L"]
[Black "Maeser,F"]
[Result "0-1"]
[WhiteElo "2122"]
[BlackElo "2307"]

1.e4 d6 2.d4 Nf6 3.Nc3 Nbd7 4.Bg5 e5 5.Nf3 Be7 6.Be2 O-O 7.Qd2 c6 8.Rd1 b5
9.dxe5 dxe5 10.Bxf6 Bxf6 11.Qd6 Qb6 12.a4 b4 13.a5 Qxa5 14.Qxc6 bxc3 15.Qxa8 cxb2+
16.Nd2 Nc5 17.Qc6 Bg5 18.Qd5 Bb7  0-1

[Event "TCh-SUI 2010"]
[Site "Switzerland SUI"]
[Date "2010.08.28"]
[Round "6.3"]
[White "Nideroest,B"]
[Black "Pelletier,Y"]
[Result "0-1"]
[WhiteElo "2234"]
[BlackElo "2602"]

1.d4 d6 2.e4 Nf6 3.Nc3 e5 4.dxe5 dxe5 5.Qxd8+ Kxd8 6.Bc4 Ke8 7.f4 Bb4 8.fxe5 Nxe4
9.Bd2 Nxd2 10.Kxd2 Nc6 11.Nf3 Be6 12.Bxe6 fxe6 13.Ke3 Bxc3 14.bxc3 Ke7 15.Rad1 Rhf8
16.Ke4 Rf5 17.Rd3 g5 18.Rhd1 Rd8 19.Rxd8 Nxd8 20.h3 Nc6 21.g4 Rf4+ 22.Ke3 h6
23.Rb1 b6 24.Rg1 Rc4 25.Kd3 Rc5 26.Re1 Ra5 27.Kc4 Rxa2 28.Kb3 Ra5 29.h4 gxh4
30.Rh1 Rb5+ 31.Kc4 Rc5+ 32.Kd3 Nxe5+ 33.Nxe5 Rxe5 34.Rxh4 Rg5 35.Rxh6 Rxg4
36.Rh8 a5 37.Ra8 Rh4 38.Ra7 Kd6 39.Rb7 Rh8 40.Ra7 Kc6 41.Ke3 e5 42.Kd3 Rd8+
43.Ke3 Rd5 44.Ra8 Kb7 45.Rh8 a4 46.Rh1 a3 47.Ra1 Ra5 48.Ra2 Ra4 49.Kd3 Kc6  0-1

[Event "TCh-SRB 1st League"]
[Site "Vrnjacka Banja SRB"]
[Date "2010.08.28"]
[Round "8"]
[White "Brenjo,S"]
[Black "Damljanovic,B"]
[Result "1/2-1/2"]
[WhiteElo "2522"]
[BlackElo "2541"]

1.e4 d6 2.d4 Nf6 3.Nc3 e5 4.Nf3 Nbd7 5.Bc4 Be7 6.O-O O-O 7.Re1 c6 8.a4 a5
9.h3 exd4 10.Qxd4 Nc5 11.b3 Be6 12.Bb2 Bxc4 13.Qxc4 Nfd7 14.Rad1 Re8 15.Nd4 g6
16.Qe2 Bf6 17.Qg4 Bg7 18.Qg3 Nf6 19.f3 Nh5 20.Qf2 Be5 21.Nce2 Qb6 22.Bc1 Rad8
23.Bg5 f6 24.Be3 Qc7 25.g4 Ng7 26.Kg2 Rd7 27.Ng3 Bxg3 28.Qxg3 Qd8 29.Ne2 Na6
30.Nf4 b6 31.Rd2 Nc5 32.Red1 Qe7 33.Bd4 Rb8 34.Bc3 Ne8 35.h4 Rbd8 36.g5 fxg5
37.Qxg5 Qxg5+ 38.hxg5 Rf7 39.Kg3 Rdd7 40.Bd4 Rde7 41.Bf6 Rxe4 42.fxe4 Nxe4+
43.Kg4 h5+ 44.Kf3 Nxd2+ 45.Rxd2 Nxf6 46.gxf6 Rxf6 47.Kg3 Kf7 48.Re2 d5 49.Re5 Rd6
50.Nh3 Kf6 51.Kf4 Re6 52.Rxe6+ Kxe6 53.Ng5+ Kf6 54.Nh7+ Kg7 55.Ng5 Kf6 56.Nh7+ Kg7
57.Ng5 Kf6 58.Nh7+  1/2-1/2

[Event "1st Campomanes Memorial Cup Open"]
[Site "Manila PHI"]
[Date "2010.08.29"]
[Round "2"]
[White "Garma,C"]
[Black "Bhagwat,V"]
[Result "0-1"]
[WhiteElo "2341"]
[BlackElo "2175"]

1.e4 d6 2.d4 Nf6 3.Nc3 e5 4.Nf3 Nbd7 5.Bc4 Be7 6.O-O O-O 7.dxe5 dxe5 8.Qe2 c6
9.Rd1 Qc7 10.Bg5 h6 11.Bh4 b5 12.Bb3 Nc5 13.Bg3 Bg4 14.Qe3 Bxf3 15.gxf3 Nfd7
16.f4 Nxb3 17.axb3 f6 18.Qf3 Rad8 19.Qg4 Kh8 20.Rd3 b4 21.Na4 f5 22.Qf3 Nf6
23.Rxd8 Qxd8 24.fxe5 Nxe4 25.Rd1 Qe8 26.Qe3 Qh5 27.Rd7 Bg5 28.f4 Rd8 29.Rd3 Be7
30.Kg2 Rd5 31.Qf3 Qxf3+ 32.Kxf3 Rxd3+ 33.cxd3 Nd2+ 34.Ke3 Nxb3 35.Bf2 c5
36.d4 cxd4+ 37.Kd3 g5 38.Kc4 Nd2+ 39.Kxd4 gxf4 40.Kd5 Ne4 41.Ke6 Nxf2 42.Kxe7 Ne4
43.Kf8 f3 44.e6 f2 45.e7 Nd6 46.Nc5 f1=Q 47.Nb7 Qc4  0-1

[Event "1st Campomanes Memorial Cup Open"]
[Site "Manila PHI"]
[Date "2010.08.29"]
[Round "2"]
[White "Polao,Ben"]
[Black "Habla,J"]
[Result "1/2-1/2"]
[WhiteElo "2063"]
[BlackElo "2325"]

1.e4 d6 2.d4 Nf6 3.Nc3 c6 4.f4 Qa5 5.Qd3 Na6 6.a3 d5 7.Qd2 dxe4 8.Nxe4 Qxd2+
9.Nxd2 Nc7 10.Bd3 g6 11.Ngf3 Bh6 12.Ne4 Ncd5 13.Nfg5 Nh5 14.g3 f6 15.Nf3 Bg7
16.c3 f5 17.Nc5 b6 18.Na6 Bb7 19.O-O Kd7 20.Re1 Bf6 21.Ne5+ Bxe5 22.Rxe5 Nhf6
23.Nb4 Nc7 24.Bd2 e6 25.Rae1 Ng4 26.R5e2 c5 27.dxc5 bxc5 28.h3 Bf3 29.hxg4 Bxe2
30.Bxe2 cxb4 31.axb4 h5 32.g5 h4 33.Kg2 hxg3 34.Kxg3 Rh7 35.c4 Rah8 36.Bf3 Rh2
37.Bg2 R2h4 38.Bf3  1/2-1/2

[Event "1st Fermo Festival"]
[Site "Porto San Giorgio ITA"]
[Date "2010.08.29"]
[Round "9"]
[White "Martinez,Rol"]
[Black "Mogranzini,R"]
[Result "0-1"]
[WhiteElo "2429"]
[BlackElo "2387"]

1.e4 d6 2.d4 Nf6 3.Nc3 e5 4.Nf3 Nbd7 5.Bc4 Be7 6.O-O O-O 7.Re1 c6 8.a4 b6
9.b3 Bb7 10.Bb2 a6 11.Bd3 g6 12.Qd2 Re8 13.Ne2 exd4 14.Nexd4 c5 15.Nf5 gxf5
16.Qg5+ Kh8 17.e5 dxe5 18.Nxe5 Nxe5 19.Rxe5 Rg8 20.Qxf5 Rxg2+ 21.Kf1 Rg6
22.Qf4 Bg2+ 23.Ke2 Kg8 24.Rd1 Qc7 25.Rg1 Nd5 26.Qf5 Bf6 27.Rxd5 Qe7+ 28.Be5 Bxd5
29.Rxg6+ fxg6 30.Qxf6 Qxf6 31.Bxf6 Kf7 32.Be5 Ra7 33.Ke3 Ke6 34.f4 g5 35.Bb8 gxf4+
36.Kxf4 Rf7+ 37.Kg5 b5 38.axb5 axb5 39.Kh6 b4 40.Bxh7 Rxh7+ 41.Kxh7 Be4+
42.Kh6 Bxc2 43.Kg5 Bxb3 44.Kf4 Kd5 45.Ke3 c4 46.Bc7 c3 47.Kd3 Ba4 48.Bf4 Bb5+
49.Kc2 Kc4 50.Bc1 Ba4+ 51.Kb1 Bd1 52.h4 Kd3 53.Bg5 b3 54.Bc1 Bc2+ 55.Ka1 Bd1
56.Kb1 Bh5 57.Ba3 Kd2 58.Bc1+ Kd1 59.Bb2 Bg6+ 60.Ka1 Kc2  0-1

[Event "PK NBSB"]
[Site "Roosendaal NED"]
[Date "2010.08.29"]
[Round "6"]
[White "Laarhoven,T"]
[Black "Docx,S"]
[Result "0-1"]
[WhiteElo "2223"]
[BlackElo "2370"]

1.e4 d6 2.d4 Nf6 3.Nc3 e5 4.dxe5 dxe5 5.Qxd8+ Kxd8 6.Bg5 c6 7.Bc4 Ke8 8.f3 Be7
9.Nge2 Nfd7 10.Bd2 Nc5 11.a4 Be6 12.Bxe6 Nxe6 13.Be3 Na6 14.O-O-O Bc5 15.Bxc5 Nexc5
16.b3 Ne6 17.Rd2 h5 18.h4 Ke7 19.Rhd1 Rad8 20.Rxd8 Nxd8 21.Rd2 Ne6 22.Nd1 g6
23.Ne3 f6 24.Nc4 b6 25.Rd1 Nd8 26.Nd6 Ne6 27.Nc4 Rg8 28.Ne3 Nd8 29.Rd2 Nf7
30.Rd1 Nd6 31.g4 Nc5 32.Ng3 hxg4 33.Nxg4 Nd7 34.h5 gxh5 35.Nxh5 Rg6 36.Ng3 Nc5
37.Rg1 Kf7 38.Rd1 Ke7 39.Rg1 Rg5 40.Ne3 Kf7 41.Ne2 Rh5 42.Rd1 Ke6 43.Rg1 Rh3
44.Rg3 Rh1+ 45.Rg1 Rh3 46.Rg3 Rh7 47.Rg1 a5 48.Kd2 Rh3 49.Rf1 Kf7 50.Ng4 Ne6
51.Ng1 Rh4 52.Kd1 Nd4 53.Ne2 Nxf3 54.Nxf6 Nh2 55.Rf2 Ke6 56.Nc3 Rh3 57.Ne2 Nf3
58.c4 Kxf6 59.Ng1 Rh1 60.Rxf3+ Ke6 61.Rg3 Nxe4 62.Rg2 Nc5 63.Kc2 e4 64.Ne2 Ke5
65.Rg5+ Kf6 66.Rg2 Ne6 67.Rg4 Kf5 68.Rxe4 Kxe4 69.Ng3+ Kf3 70.Nxh1 Nd4+ 71.Kc3 c5  0-1

[Event "25th Open"]
[Site "Schwarzach AUT"]
[Date "2010.08.29"]
[Round "9"]
[White "Womacka,M"]
[Black "Kunin,V"]
[Result "0-1"]
[WhiteElo "2478"]
[BlackElo "2534"]

1.e4 d6 2.d4 Nf6 3.Nc3 e5 4.Nf3 Nbd7 5.Bc4 Be7 6.O-O O-O 7.Re1 c6 8.a4 Qc7
9.h3 h6 10.Ba2 Re8 11.Nh4 exd4 12.Qxd4 Nf8 13.Qd3 Be6 14.Qf3 Bxa2 15.Rxa2 Nxe4
16.Qxe4 d5 17.Qe2 Bxh4 18.Qxe8 Rxe8 19.Rxe8 d4 20.Nd1 Be7 21.Ra1 Qd7 22.Ra8 Bd6
23.Rxa7 Qe6 24.Ne3 dxe3 25.Bxe3 Qe5 26.Rd1 Qxb2 27.Ra8 Kh7 28.g3 Ba3 29.c4 Ng6
30.a5 Ne5  0-1

[Event "9th Georgiev-Kesarovski Mem"]
[Site "Sunny Beach BUL"]
[Date "2010.08.29"]
[Round "2"]
[White "Ivanov,StojanL"]
[Black "Rusev,K"]
[Result "0-1"]
[WhiteElo "2223"]
[BlackElo "2543"]

1.e4 d6 2.d4 Nf6 3.Nc3 e5 4.Nf3 Nbd7 5.Bc4 Be7 6.O-O O-O 7.h3 a6 8.a4 b6
9.Re1 c6 10.Ba2 Rb8 11.Qd3 b5 12.axb5 axb5 13.Ne2 Qc7 14.Ng3 exd4 15.Nxd4 Ne5
16.Qe2 Re8 17.Ndf5 Bf8 18.Bg5 Nfd7 19.Be3 Nc5 20.Nd4 g6 21.Nb3 Na4 22.Bc1 Bg7
23.Nd2 Bb7 24.Qd1 Ra8 25.Bb1 Ra6 26.Ra3 b4 27.Ra2 Rea8 28.Ngf1 Nc5 29.Rxa6 Rxa6
30.Nb3 Nxb3 31.cxb3 Ra1 32.Bc2 c5 33.Ne3 Nc6 34.Nc4 Nd4 35.Qd3 Qe7 36.Kh2 d5
37.Ne3 dxe4 38.Qc4 Qe5+ 39.Kh1 Ba6 40.Qd5 Qxd5 41.Nxd5 Nxc2  0-1

[Event "TCh-SUI 2010"]
[Site "Switzerland SUI"]
[Date "2010.08.29"]
[Round "7.5"]
[White "Vuilleumier,A"]
[Black "Maeser,F"]
[Result "1/2-1/2"]
[WhiteElo "2332"]
[BlackElo "2307"]

1.e4 d6 2.d4 Nf6 3.Nc3 Nbd7 4.Nf3 e5 5.g3 Be7 6.Bg2 O-O 7.O-O c6 8.a4 b6
9.b3 a6 10.Bb2 Rb8 11.Qe2 b5 12.Rad1 Qc7 13.Kh1 Re8 14.Rd2 Bf8 15.d5 b4 16.Nd1 Nc5
17.Ng1 cxd5 18.exd5 a5 19.Re1 Ba6 20.Qf3 Qd8 21.h4 g6 22.Nh3 Bg7 23.Ne3 Nfe4
24.Rdd1 f5 25.Bf1 Bb7 26.Qg2 Qc7 27.Bc4 Re7 28.g4 f4 29.Nf1 Nf6 30.Nd2 Rf8
31.f3 Kh8 32.Ng5 Nxd5 33.Bxd5 Bxd5 34.Nde4 Bxe4 35.Nxe4 Nxe4 36.Rxe4 Rc8
37.Rc4 Qb7 38.Rxc8+ Qxc8 39.Rxd6 e4 40.Qd2 Qf8 41.Rd8 Re8 42.Bxg7+ Kxg7 43.Qd4+ Kf7
44.Qd5+ Kg7 45.Qd4+ Kg8 46.Rxe8 Qxe8 47.Qxe4 Qxe4 48.fxe4 h6 49.g5 hxg5 50.hxg5 Kf7
51.Kg2 Ke6 52.Kf2 Kd6 53.Ke2 Ke6 54.Kf2 Kd6 55.Ke2 Ke6 56.Kf2  1/2-1/2

[Event "ch-RUS Higher League w"]
[Site "St Petersburg RUS"]
[Date "2010.08.30"]
[Round "5"]
[White "Kindinova,E"]
[Black "Avdeenko,T"]
[Result "1-0"]
[WhiteElo "2185"]
[BlackElo "2187"]

1.e4 d6 2.d4 Nf6 3.Nc3 e5 4.Nf3 Nbd7 5.Bc4 Be7 6.O-O O-O 7.Re1 a6 8.a4 b6
9.h3 Bb7 10.Ba2 c6 11.dxe5 dxe5 12.Nh4 b5 13.Nf5 Nc5 14.Qf3 Ne6 15.Qg3 g6
16.Bh6 Re8 17.Bxe6 fxe6 18.Ng7 Bd6 19.Nxe8 Nxe8 20.Rad1 Qe7 21.Bg5 Qf7 22.Rd3 b4
23.Nb1 c5 24.Nd2 Qg7 25.Nc4 Bc7 26.Qh4 Bc6 27.Bh6 Qf6 28.Rf3  1-0

[Event "9th Georgiev-Kesarovski Mem"]
[Site "Sunny Beach BUL"]
[Date "2010.08.30"]
[Round "3"]
[White "Nikolov,Sas"]
[Black "Ivelinov,H"]
[Result "1-0"]
[WhiteElo "2409"]
[BlackElo "2228"]

1.e4 d6 2.d4 Nf6 3.Nc3 Nbd7 4.f4 c5 5.e5 cxd4 6.Qxd4 Ng4 7.Nf3 Nb6 8.a4 Bd7
9.a5 Nc8 10.a6 b6 11.Qd5 Rb8 12.Nb5 dxe5 13.fxe5 e6 14.Qc4 Bxb5 15.Qxb5+ Qd7
16.Ra4 f5 17.exf6 h5 18.h3 Bd6 19.Qxd7+ Kxd7 20.Bb5+ Kd8 21.hxg4  1-0

[Event "1st Campomanes Memorial Cup Open"]
[Site "Manila PHI"]
[Date "2010.08.31"]
[Round "5"]
[White "Nolte,R"]
[Black "Segarra,R"]
[Result "1/2-1/2"]
[WhiteElo "2425"]
[BlackElo "2308"]

1.e4 d6 2.d4 Nf6 3.Nc3 e5 4.Nf3 Nbd7 5.Bc4 Be7 6.O-O O-O 7.h3 c6 8.a4 b6
9.Qe2 a6 10.Rd1 Qc7 11.d5 Bb7 12.dxc6 Bxc6 13.Bg5 Bb7 14.Bxf6 Nxf6 15.Nd5 Bxd5
16.Bxd5 Rac8 17.c3 a5 18.Ra3 g6 19.Rb3 Kg7 20.Rb5 Nh5 21.Qe3 Rb8 22.b4 Nf4
23.g3 Nxd5 24.Rdxd5 Rfc8 25.Kg2 axb4 26.cxb4 Qc2 27.a5 bxa5 28.bxa5 Rxb5
29.Rxb5 Rc3 30.Qd2 Bd8 31.a6 Qxd2 32.Nxd2 Ra3 33.Rb8 Bg5 34.Nf3 Bf6 35.Rb6 d5
36.exd5 e4 37.Nh2 Ra2 38.Ng4 Bd4 39.Rb4 Ba7 40.Rxe4 Rxa6 41.Re7 Bd4 42.Re4 Ba7
43.Re2 Rd6 44.Rd2  1/2-1/2

[Event "TCh-SRB 1st League"]
[Site "Vrnjacka Banja SRB"]
[Date "2010.08.31"]
[Round "11"]
[White "Stankovic,Milo"]
[Black "Lajthajm,B"]
[Result "1-0"]
[WhiteElo "2331"]
[BlackElo "2493"]

1.e4 d6 2.d4 c6 3.Nc3 Nf6 4.Nf3 Bg4 5.h3 Bxf3 6.Qxf3 Nbd7 7.Be3 Qa5 8.Bd3 g6
9.O-O Bg7 10.Rad1 h5 11.Bc4 h4 12.a3 Qh5 13.Qxh5 Nxh5 14.Bg5 Bf6 15.Bc1 a6
16.Rfe1 Kf8 17.f4 e6 18.d5 exd5 19.exd5 Nb6 20.Be2 Bxc3 21.bxc3 Nxd5 22.Bf3 Re8
23.Rxe8+ Kxe8 24.c4 Ndxf4 25.Rxd6 Ne6 26.Bb2 Rh7 27.a4 Nhg7 28.Bf6 Nf5 29.Rd3 Rh6
30.Bg4 a5 31.Rb3 Nc5 32.Rb1 Kd7 33.Bd4 Kd6 34.Bxf5 gxf5 35.Be3 Re6 36.Rd1+ Kc7
37.Bxc5 Re4 38.Rd4 Re2 39.Bd6+ Kc8 40.c3 Rc2 41.Rxh4 Rxc3 42.Rf4 Kd7 43.Rd4 Ke6
44.Bc7 c5 45.Rf4 Ra3 46.Bxa5 Rxa4 47.Bd2 b6 48.h4 Ra2 49.Bc3 Ra3 50.Rf3 Ra4
51.Re3+ Kd7 52.h5 Rxc4 53.h6 b5 54.Bf6 Ra4 55.Re7+ Kd6 56.Re8 Kd7 57.Rd8+  1-0

[Event "TCh-SRB 1st League"]
[Site "Vrnjacka Banja SRB"]
[Date "2010.08.31"]
[Round "11"]
[White "Marjanovic,Slavo"]
[Black "Markus,Rob"]
[Result "0-1"]
[WhiteElo "2505"]
[BlackElo "2616"]

1.e4 d6 2.d4 Nf6 3.Nc3 e5 4.Nf3 Nbd7 5.Bc4 Be7 6.O-O O-O 7.Re1 c6 8.a4 a5
9.b3 h6 10.Ba3 Re8 11.h3 Qc7 12.Qd2 Nf8 13.Rad1 Ng6 14.Re3 Bf8 15.Bb2 Be6
16.Bd3 Rad8 17.Ree1 Bc8 18.Qc1 Nf4 19.Bf1 Ne6 20.Qe3 exd4 21.Nxd4 Nc5 22.Qf3 Qe7
23.Bc4 d5 24.exd5 Qxe1+ 25.Rxe1 Rxe1+ 26.Kh2 Bd6+ 27.g3 Be5 28.Nce2 Re8 29.Bc3 Rb1
30.Bd3 Nxd5 31.Bxa5 Rd1 32.Nf4 Rxd3 33.cxd3 Nxf4 34.Nxc6 Nfxd3 35.Nxe5 Nxe5
36.Qd5 Ne4 37.Bc7 Nf6 38.Qd1 Nc6 39.g4 Be6 40.Bb6 Bd5 41.f4 Be4 42.Kg3 Nd5
43.Bc5 Rd8 44.Qc1 Nc3 45.Qb2 Nd4 46.Bxd4 Rxd4 47.a5 Rd3+ 48.Kh2 Re3 49.Qc1 Re2+
50.Kg3 Rc2 51.Qe3 Bc6 52.b4 Ne4+  0-1

[Event "17th WGM"]
[Site "Graz AUT"]
[Date "2010.09.01"]
[Round "5"]
[White "Novkovic,J"]
[Black "Limontaite,S"]
[Result "1/2-1/2"]
[WhiteElo "2157"]
[BlackElo "2230"]

1.e4 d6 2.d4 Nf6 3.Nc3 c6 4.a4 Nbd7 5.g4 h6 6.h3 e5 7.Bg2 Be7 8.Nge2 Nf8
9.Ng3 Qb6 10.Nce2 Ng6 11.a5 Qc7 12.Qd3 Nh4 13.Rg1 g5 14.Bh1 Bd7 15.Be3 Ng6
16.Nf5 Bxf5 17.exf5 Nf4 18.Nxf4 exf4 19.Bd2 d5 20.f3 h5 21.Bg2 h4 22.Kf2 O-O
23.Rge1 Rfc8 24.b4 b6 25.Bf1 b5 26.c3 Bd6 27.Qc2 Re8 28.Bd3 Qd7 29.Rxe8+ Rxe8
30.Re1 Kf8 31.Rxe8+ Qxe8 32.Qb1 Qe7 33.Qc2 Bc7 34.Bc1 Kg8 35.Bd2 Qd8 36.Qa2 Qe8
37.Qc2  1/2-1/2

[Event "9th Georgiev-Kesarovski Mem"]
[Site "Sunny Beach BUL"]
[Date "2010.09.01"]
[Round "5"]
[White "Dalmau,Jo"]
[Black "Horacek,M"]
[Result "1-0"]
[WhiteElo "2138"]
[BlackElo "1996"]

1.e4 d6 2.d4 Nf6 3.Nc3 e5 4.Nf3 Nbd7 5.Bc4 Be7 6.O-O O-O 7.h3 c6 8.a4 a5
9.Re1 Nb6 10.Bb3 Nfd7 11.Be3 exd4 12.Nxd4 Nc5 13.Nf5 Bxf5 14.exf5 Nxb3 15.cxb3 Nd7
16.Qf3 d5 17.g4 Re8 18.Rad1 Bf6 19.Ne2 Qe7 20.Qg2 Qe4 21.Qxe4 Rxe4 22.Nc3 Rb4
23.g5 Be7 24.Nxd5 cxd5 25.Rxd5 Nf8 26.Bd2 Rd8 27.Rxd8 Bxd8 28.Bxb4 axb4 29.h4 h6
30.Re8 Bc7 31.g6 Bd6 32.Kf1 b6 33.h5 Bc5 34.Ke2 Bd4 35.f3 Bc5 36.Kd3 Bd6
37.Kc4 Bc5 38.Kb5  1-0

[Event "7th Malaysia Open"]
[Site "Kuala Lumpur MAS"]
[Date "2010.09.02"]
[Round "3"]
[White "Kojima,S"]
[Black "Dzhumaev,M"]
[Result "0-1"]
[WhiteElo "2334"]
[BlackElo "2487"]

1.e4 d6 2.d4 Nf6 3.Nc3 c6 4.a4 g6 5.Nf3 Bg7 6.h3 O-O 7.Be3 Nbd7 8.Bd3 e5
9.dxe5 dxe5 10.O-O Qe7 11.Qe2 Nc5 12.Rad1 Nh5 13.Bc4 Nf4 14.Bxf4 exf4 15.e5 Bf5
16.Rfe1 Rae8 17.Qd2 Rd8 18.Qe2 Rxd1 19.Qxd1 Rd8 20.Qc1 h6 21.Qxf4 Bxc2 22.Qe3 Bd3
23.Ba2 Bf5 24.Nd4 Nd3 25.Nxf5 gxf5 26.Re2 f4 27.Qf3 Nxe5 28.Qxf4 Qg5 29.Qe4 Rd4
30.Qe3 Qxe3 31.Rxe3 Kf8 32.Re4 Nd3 33.Re2 Nc1 34.Rc2 Nxa2  0-1